[Event "Lichtenrader Herbst"]
[Site "Berlin"]
[Date "2010.10.19"]
[Round "4.5"]
[White "Nosek, Reinhard"]
[Black "Meister, Jakob"]
[Result "0-1"]
[WhiteElo "1924"]
[BlackElo "2479"]
[PlyCount "114"]
[EventDate "2010.??.??"]
[WhiteTeam "Schachfreunde Torgau e. V."]
[BlackTeam "SK Zehlendorf e.V."]

1. Nf3 d5 2. d4 Nf6 3. Bf4 Nh5 4. Bd2 g6 5. e3 Bg7 6. c4 dxc4 7. Bxc4 O-O 8.
O-O Nd7 9. Qc2 Nb6 10. Bb3 c6 11. h3 Nd5 12. Nc3 Nc7 13. Rfd1 Be6 14. Be1 Bxb3
15. Qxb3 Rb8 16. Rac1 e6 17. Qa3 a6 18. Na4 Re8 19. e4 Bh6 20. Bd2 Bxd2 21.
Rxd2 f5 22. Re1 Nf6 23. exf5 exf5 24. Qb3+ Qd5 25. Re5 Qxb3 26. axb3 Nd7 27.
Ree2 Nd5 28. Ne5 N7f6 29. f3 Nf4 30. Re1 Re7 31. Nc5 Rbe8 32. Red1 Ne6 33. Nc4
Nxc5 34. dxc5 Nd5 35. Nb6 Nf6 36. Rd8 Kg7 37. Rxe8 Rxe8 38. Kf2 f4 39. Rd3 g5
40. Nc4 Kg6 41. Rd6 Re7 42. Rd8 h6 43. Kf1 Nh5 44. Kf2 Ng3 45. Rd2 Kh5 46. b4
Kh4 47. Na5 Nf5 48. Nb3 Kh5 49. Nc1 Ne3 50. b3 Nd5 51. Rd4 Kg6 52. Nd3 Kf5 53.
Nb2 Re3 54. Rd3 h5 55. g3 fxg3+ 56. Kxg3 Re2 57. Nc4 h4# 0-1

[Event "Lichtenrader Herbst"]
[Site "Berlin"]
[Date "2010.10.19"]
[Round "4.6"]
[White "Neelotpal, Das"]
[Black "Gruzmann, Boris"]
[Result "1/2-1/2"]
[WhiteElo "2454"]
[BlackElo "2236"]
[PlyCount "113"]
[EventDate "2010.??.??"]
[BlackTeam "TuS Makkabi Berlin e.V."]

1. d4 Nf6 2. c4 g6 3. Nc3 Bg7 4. e4 d6 5. Nge2 O-O 6. Ng3 e5 7. d5 a5 8. h4 h6
9. Be2 Na6 10. Be3 Nc5 11. Qd2 Ng4 12. Bxg4 Bxg4 13. f3 Bd7 14. h5 g5 15. O-O-O
b6 16. Kb1 Qf6 17. Qc2 Rfb8 18. a4 Bf8 19. b3 Qd8 20. Bc1 Be7 21. Nf1 Qf8 22.
Ne3 Bd8 23. Rdf1 Rc8 24. g3 Qg7 25. Nb5 Na6 26. Rhg1 Be7 27. Bb2 Rf8 28. Nc3
Qh7 29. f4 f6 30. Ba3 Rf7 31. Rf2 Raf8 32. Nb5 Rg7 33. Rgf1 Bh3 34. Rh1 Bd7 35.
Rf3 Rgf7 36. Na7 Nc5 37. Bxc5 dxc5 38. Nf5 Bxf5 39. exf5 exf4 40. gxf4 Bd6 41.
Nc6 Re8 42. Rff1 Rff8 43. Re1 Rxe1+ 44. Rxe1 Qf7 45. Qe2 Kg7 46. Qg4 Kh8 47.
fxg5 fxg5 48. Re6 Qxf5+ 49. Qxf5 Rxf5 50. Rxh6+ Kg7 51. Rg6+ Kh7 52. Nd8 g4 53.
Rxg4 Rxh5 54. Ne6 Rh1+ 55. Kc2 Rh2+ 56. Kc1 Rh1+ 57. Kc2 1/2-1/2

[Event "Lichtenrader Herbst"]
[Site "Berlin"]
[Date "2010.10.19"]
[Round "4.8"]
[White "Kachibadze, Georg"]
[Black "Kropik, Martin"]
[Result "1-0"]
[WhiteElo "2272"]
[BlackElo "2084"]
[PlyCount "49"]
[EventDate "2010.??.??"]
[WhiteTeam "SK König Tegel 1949 e.V."]
[BlackTeam "SK Zwettl"]

1. e4 e5 2. Nf3 d6 3. d4 exd4 4. Nxd4 Nf6 5. Nc3 Be7 6. Be2 O-O 7. O-O Re8 8.
f4 Bf8 9. Bf3 c5 10. Nde2 Nc6 11. h3 Be6 12. g4 Bc4 13. Re1 Bxe2 14. Qxe2 Nd4
15. Qf2 Nxf3+ 16. Qxf3 d5 17. e5 c4 18. Be3 Ne4 19. Nxe4 dxe4 20. Qxe4 b5 21.
Red1 Qa5 22. Rd5 Rad8 23. Qxc4 Rxd5 24. Qxd5 Rd8 25. Qe4 1-0

[Event "Lichtenrader Herbst"]
[Site "Berlin"]
[Date "2010.10.19"]
[Round "4.9"]
[White "Reichenbach, Werner"]
[Black "Kirchhof, Arno"]
[Result "1-0"]
[WhiteElo "2261"]
[BlackElo "2040"]
[PlyCount "82"]
[EventDate "2010.??.??"]
[WhiteTeam "SK Zehlendorf e.V."]
[BlackTeam "SC Zugzwang 95 e.V."]

1. e4 e6 2. d4 d5 3. Nc3 Bb4 4. Qd3 Ne7 5. a3 Bxc3+ 6. bxc3 b6 7. Qg3 O-O 8.
Bd3 Ba6 9. Bh6 Ng6 10. Bd2 Bxd3 11. cxd3 f5 12. e5 Qh4 13. Nf3 Qxg3 14. hxg3
Nd7 15. Ng5 Rfe8 16. Nxh7 Ngf8 17. Ng5 c5 18. Ke2 cxd4 19. cxd4 Rac8 20. Rac1
Nb8 21. Bb4 Nc6 22. Bxf8 Kxf8 23. Ke3 Ke7 24. f3 Na5 25. Rxc8 Rxc8 26. Rh7 Rg8
27. f4 Nb3 28. Nf3 Kf7 29. Rh1 Rc8 30. Rb1 Rc3 31. a4 Na5 32. Kd2 Rc8 33. Ng5+
Ke7 34. Rh1 Nb3+ 35. Ke3 Rd8 36. Rb1 Na5 37. Rc1 Kd7 38. Kf3 Nb3 39. Rc3 Nxd4+
40. Ke3 Nc6 41. Nxe6 Nxe5 1-0

[Event "Lichtenrader Herbst"]
[Site "Berlin"]
[Date "2010.10.19"]
[Round "4.10"]
[White "Buttkus, Andre"]
[Black "Niehaus, Frank"]
[Result "0-1"]
[WhiteElo "2088"]
[BlackElo "2232"]
[PlyCount "130"]
[EventDate "2010.??.??"]
[WhiteTeam "SK Tempelhof 1931 e.V."]
[BlackTeam "SK König Tegel 1949 e.V."]

1. c4 g6 2. Nc3 Bg7 3. g3 Nf6 4. Bg2 O-O 5. e4 d6 6. Nge2 e5 7. d3 Nc6 8. h3
Nd7 9. O-O Nc5 10. Be3 Nd4 11. b4 Nce6 12. Bxd4 exd4 13. Nb1 a5 14. b5 Nc5 15.
Na3 f5 16. f3 Bd7 17. Nc2 fxe4 18. fxe4 Rxf1+ 19. Bxf1 Qg5 20. Kg2 Ne6 21. Qc1
Qh5 22. Ng1 Ng5 23. h4 Nf7 24. Be2 Qe5 25. Nf3 Qe6 26. Qh1 c5 27. bxc6 bxc6 28.
Ncxd4 Qe7 29. Rb1 d5 30. cxd5 cxd5 31. exd5 Nh6 32. Ne6 Bxe6 33. dxe6 Qxe6 34.
Qd1 Qxa2 35. Qb3+ Qxb3 36. Rxb3 a4 37. Ra3 Bb2 38. Ra2 a3 39. Nd2 Nf5 40. Nc4
Bc1 41. Bf3 Ra7 42. Ra1 Ne3+ 43. Nxe3 Bxe3 44. Bd5+ Kg7 45. Re1 Bd2 46. Ra1 Bc3
47. Rc1 a2 48. Bxa2 Rxa2+ 49. Kf3 Be5 50. Re1 Kf6 51. Kg4 h5+ 52. Kh3 Rf2 53.
d4 Bxd4 54. Rd1 Be5 55. Rd3 Kf5 56. Rb3 Rc2 57. Rf3+ Ke4 58. Rb3 Rf2 59. Rb6
Kf5 60. Rb3 Re2 61. Rf3+ Ke4 62. Ra3 Bxg3 63. Rxg3 Re3 64. Rxe3+ Kxe3 65. Kg3
Ke4 0-1

[Event "Lichtenrader Herbst"]
[Site "Berlin"]
[Date "2010.10.19"]
[Round "4.12"]
[White "Aprea, Daniele"]
[Black "Major, Vitalij"]
[Result "0-1"]
[WhiteElo "1827"]
[BlackElo "2157"]
[PlyCount "56"]
[EventDate "2010.??.??"]
[BlackTeam "SC Zitadelle Spandau 1977 e.V."]

1. d4 Nf6 2. c4 e6 3. Nf3 b6 4. e3 Bb7 5. Bd3 c5 6. O-O Be7 7. Nc3 h6 8. Re1
O-O 9. b3 d6 10. Bb2 cxd4 11. exd4 d5 12. Rc1 Nbd7 13. Ne5 Rc8 14. f4 dxc4 15.
bxc4 Nxe5 16. fxe5 Qxd4+ 17. Kh1 Qf2 18. Rg1 Qxb2 19. exf6 Bxf6 20. Ne4 Rfd8
21. Rc2 Qd4 22. Nxf6+ Qxf6 23. Qd2 Qg5 24. Qe2 e5 25. Rb2 Rd6 26. Rgb1 e4 27.
Bc2 Qd2 28. Qf1 e3 0-1

[Event "Lichtenrader Herbst"]
[Site "Berlin"]
[Date "2010.10.19"]
[Round "4.13"]
[White "Boettcher, Patrick"]
[Black "Noetzel, Felix"]
[Result "1-0"]
[WhiteElo "2177"]
[BlackElo "2025"]
[PlyCount "63"]
[EventDate "2010.??.??"]
[WhiteTeam "SC Zitadelle Spandau 1977 e.V."]
[BlackTeam "SC Borussia Friedrichsfelde 1920"]

1. d4 d5 2. c4 e6 3. Nc3 c6 4. cxd5 exd5 5. Nf3 f5 6. g3 Nf6 7. Bf4 Be7 8. Bg2
O-O 9. O-O Ne4 10. Qc2 Be6 11. Ne5 Nd7 12. Nd3 Ndf6 13. f3 Nd6 14. Na4 Qe8 15.
Nac5 Bc8 16. a4 a5 17. Ne5 Qh5 18. Rfe1 g5 19. Bd2 Kh8 20. Ncd3 Bd8 21. b4 Bb6
22. Qb2 f4 23. bxa5 Ba7 24. gxf4 gxf4 25. Bxf4 Rg8 26. Kh1 Bh3 27. Bxh3 Qxh3
28. Rg1 Nh5 29. Ng6+ hxg6 30. Bxd6 Rad8 31. Be5+ Kh7 32. Rg4 1-0

[Event "Lichtenrader Herbst"]
[Site "Berlin"]
[Date "2010.10.19"]
[Round "4.14"]
[White "Lueders, Gerhard"]
[Black "Lerch, Philipp"]
[Result "0-1"]
[WhiteElo "2204"]
[BlackElo "1965"]
[PlyCount "104"]
[EventDate "2010.??.??"]
[WhiteTeam "BSC Rehberge 1945 e.V."]
[BlackTeam "SK König Tegel 1949 e.V."]

1. g3 Nf6 2. Bg2 g6 3. e4 d6 4. Ne2 Bg7 5. O-O O-O 6. d4 Nc6 7. h3 e5 8. d5 Ne7
9. c4 Nd7 10. Nbc3 f5 11. f3 h6 12. Be3 g5 13. g4 f4 14. Bf2 h5 15. Nc1 Nf6 16.
Nd3 b6 17. b4 a5 18. a3 hxg4 19. hxg4 axb4 20. axb4 Rxa1 21. Qxa1 Nxg4 22. fxg4
Bxg4 23. Rc1 Qc8 24. Kf1 Bh3 25. Bxh3 Qxh3+ 26. Ke2 g4 27. Kd2 g3 28. Rh1 Qg4
29. Qg1 Ng6 30. Kc2 Nh4 31. Kb2 Rf6 32. Nc1 Rh6 33. Nd3 Nf3 34. Qd1 gxf2 35.
Nxf2 Qg2 36. Ka3 Rxh1 37. Nxh1 Ng1 38. Qh5 Qh3 39. Qxh3 Nxh3 40. Nb5 Bf6 41.
Nxc7 Kf7 42. Nb5 Ke7 43. Nc3 Bh4 44. Ka4 Nf2 45. Kb5 Nxh1 46. c5 bxc5 47. bxc5
f3 48. Nd1 f2 49. Ne3 Bg5 50. Nf1 dxc5 51. Kxc5 Bf4 52. Kc6 Kd8 0-1

[Event "Lichtenrader Herbst"]
[Site "Berlin"]
[Date "2010.10.19"]
[Round "4.15"]
[White "Wege, Hermann"]
[Black "Hein, Carsten"]
[Result "0-1"]
[WhiteElo "1952"]
[BlackElo "2165"]
[PlyCount "118"]
[EventDate "2010.??.??"]
[WhiteTeam "Schachclub Rathenow e.V."]
[BlackTeam "SC Empor Potsdam 1952 e.V."]

1. Nf3 c5 2. g3 d5 3. Bg2 Nc6 4. O-O e5 5. d3 Nf6 6. Nbd2 Be7 7. e4 O-O 8. Re1
d4 9. Nc4 Bg4 10. a4 Nd7 11. h3 Be6 12. b3 a6 13. Bb2 b5 14. axb5 axb5 15. Ncd2
Rxa1 16. Qxa1 Nb4 17. Qd1 Qa5 18. Bf1 Qa2 19. Qc1 Qa8 20. Kh2 Nc6 21. Bg2 Qb8
22. g4 Rc8 23. Nf1 c4 24. bxc4 bxc4 25. Ba3 Nb4 26. Bxb4 Bxb4 27. Rd1 cxd3 28.
Rxd3 Nc5 29. Rd1 Nxe4 30. Kg1 Nc5 31. Ng5 h6 32. Nxe6 Nxe6 33. Ng3 Nf4 34. Qb1
Bc3 35. Qa2 Nxg2 36. Kxg2 Qa8+ 37. Qxa8 Rxa8 38. Ne4 Rc8 39. Rb1 Rc7 40. Rb5
Kh7 41. Kf1 f6 42. Ke2 h5 43. Kd3 hxg4 44. hxg4 Ba1 45. Rb1 Ra7 46. Rb3 Ra2 47.
Kd2 Bb2 48. Rb7 Kg6 49. Rb6 Bc3+ 50. Nxc3 dxc3+ 51. Kxc3 Kg5 52. Kb3 Ra1 53.
Rb4 Rb1+ 54. Kc4 Rf1 55. Kd5 Rxf2 56. c4 Rd2+ 57. Kc6 e4 58. c5 f5 59. gxf5
Kxf5 {Partiemitschrift endet hier} 0-1

[Event "Lichtenrader Herbst"]
[Site "Berlin"]
[Date "2010.10.19"]
[Round "4.16"]
[White "Jaeschke, Jens-Uwe"]
[Black "Grassi, Fabrizio"]
[Result "1-0"]
[WhiteElo "2158"]
[BlackElo "1960"]
[PlyCount "81"]
[EventDate "2010.??.??"]
[WhiteTeam "Sfr.Nord-Ost Berlin"]
[BlackTeam "SV Berlin-Friedrichstadt"]

1. d4 d5 2. c4 e6 3. Nc3 Nf6 4. cxd5 exd5 5. Bg5 Be7 6. e3 c6 7. Bd3 Nbd7 8.
Qc2 O-O 9. Nge2 Re8 10. O-O Nf8 11. f3 Be6 12. Rad1 c5 13. dxc5 Bxc5 14. Nxd5
Nxd5 15. Bxd8 Bxe3+ 16. Kh1 Rexd8 17. Be4 Rac8 18. Qb3 Nc3 19. Rxd8 Bxb3 20.
Rxc8 Nxe4 21. fxe4 Bxa2 22. b3 Bg5 23. Nd4 Bf6 24. Ra1 Bxd4 25. Rxa2 g5 26. Rd2
Bb6 27. Rd7 Kg7 28. Rxb7 Ne6 29. Rc6 Nc5 30. Rcxb6 axb6 31. Rxb6 Nxe4 32. Rc6
Kf8 33. h4 Ke8 34. Rh6 Kd7 35. Rxh7 Nd6 36. Kg1 Kc6 37. Rh6 Kd5 38. Rxd6+ Kxd6
39. Kf2 Kd5 40. Ke3 f5 41. Kd3 1-0

[Event "Lichtenrader Herbst"]
[Site "Berlin"]
[Date "2010.10.19"]
[Round "4.17"]
[White "Maahs, Erich"]
[Black "Schueler, Wolfgang"]
[Result "1-0"]
[WhiteElo "2124"]
[BlackElo "1955"]
[PlyCount "67"]
[EventDate "2010.??.??"]
[WhiteTeam "SC Concordia SAbt Palame"]
[BlackTeam "SC Friesen Lichtenberg e.V."]

1. e4 e5 2. Nc3 Nc6 3. Bc4 Bc5 4. d3 d6 5. a3 a6 6. h3 Nf6 7. Bg5 h6 8. Bh4 g5
9. Bg3 Nd4 10. Nd5 Nxd5 11. Bxd5 c6 12. Ba2 Be6 13. c3 Nb5 14. Bxe6 fxe6 15.
Qh5+ Kd7 16. h4 Qf6 17. Nf3 Rag8 18. a4 Nc7 19. O-O-O g4 20. Nxe5+ dxe5 21.
Bxe5 Qxf2 22. Rhf1 Qe3+ 23. Kb1 Rf8 24. Rf7+ Kd8 25. Bxc7+ Kc8 26. Bf4 Qe2 27.
Rd2 Qe1+ 28. Kc2 Be3 29. Bxe3 Qxe3 30. Rxf8+ Rxf8 31. Qxg4 Rf2 32. Qxe6+ Kb8
33. Qe5+ Ka8 34. Qh8+ 1-0

[Event "Lichtenrader Herbst"]
[Site "Berlin"]
[Date "2010.10.19"]
[Round "4.18"]
[White "Koerner, Helmut"]
[Black "Witt, Ronald"]
[Result "0-1"]
[WhiteElo "1949"]
[BlackElo "2104"]
[PlyCount "44"]
[EventDate "2010.??.??"]
[WhiteTeam "Sfr.Nord-Ost Berlin"]
[BlackTeam "Schachfreunde Zehdenick 76 e.V."]

1. e4 c6 2. d4 d5 3. f3 e6 4. Nc3 a6 5. Be3 Nf6 6. Nge2 Qb6 7. Qd2 Qxb2 8. Rb1
Qa3 9. Rb3 Qa5 10. e5 Nfd7 11. Nb1 Qxd2+ 12. Nxd2 b5 13. Nc3 Be7 14. Be2 O-O
15. O-O c5 16. f4 Nc6 17. Nf3 f6 18. a4 c4 19. Rbb1 b4 20. Na2 a5 21. Ra1 Nb6
22. Nc1 Bd7 0-1

[Event "Lichtenrader Herbst"]
[Site "Berlin"]
[Date "2010.10.19"]
[Round "4.19"]
[White "Powierski, Christian"]
[Black "Shapiro, Yosip"]
[Result "0-1"]
[WhiteElo "1930"]
[BlackElo "2100"]
[PlyCount "74"]
[EventDate "2010.??.??"]
[WhiteTeam "Elmshorner SC von 1896"]
[BlackTeam "SV Berolina Mitte e.V."]

1. d4 Nf6 2. Nf3 g6 3. Nc3 d5 4. Bf4 c6 5. e3 Nh5 6. Be5 f6 7. Bf4 Nxf4 8. exf4
Qc7 9. g3 Qb6 10. Na4 Qa5+ 11. c3 Bg4 12. Bg2 Nd7 13. b4 Qa6 14. Nb2 O-O-O 15.
h3 Bf5 16. Bf1 Qa3 17. Qc1 Be4 18. Nd2 e5 19. dxe5 fxe5 20. f3 Bf5 21. g4 d4
22. Nd1 Qxc1 23. Rxc1 dxc3 24. Nxc3 Be6 25. b5 Ba3 26. Rc2 c5 27. Ncb1 Bb4 28.
a3 Ba5 29. Bc4 Bxc4 30. Rxc4 exf4 31. Kf2 Kb8 32. Nb3 Bb6 33. Re1 Rhe8 34. N1d2
Ne5 35. Rxe5 Rxe5 36. Ne4 Rd3 37. Nbxc5 Rdd5 0-1

[Event "Lichtenrader Herbst"]
[Site "Berlin"]
[Date "2010.10.19"]
[Round "4.20"]
[White "Pesola, Jyrki"]
[Black "Hahlbohm, Matthias"]
[Result "0-1"]
[WhiteElo "1912"]
[BlackElo "2095"]
[PlyCount "84"]
[EventDate "2010.??.??"]
[BlackTeam "TSG Oberschöneweide e.V."]

1. e4 c5 2. Nf3 d6 3. d4 cxd4 4. Nxd4 Nf6 5. Nc3 a6 6. Bg5 e6 7. f4 Be7 8. Qf3
Qc7 9. O-O-O Nbd7 10. g4 h6 11. Bxf6 Bxf6 12. h4 Be7 13. g5 Nf8 14. f5 hxg5 15.
hxg5 Bxg5+ 16. Kb1 Rxh1 17. Qxh1 Bf6 18. fxe6 Bxe6 19. Bh3 Be5 20. Nd5 Qa5 21.
Nb3 Qd8 22. c4 Rc8 23. c5 dxc5 24. Nf4 Qf6 25. Nd5 Qh6 26. Bxe6 Qxe6 27. Qf3 b5
28. Qe3 Nd7 29. Rh1 g6 30. Nf4 Qd6 31. Nd3 Bg7 32. e5 Qe7 33. e6 Qxe6 34. Qg3
Kf8 35. Re1 Qf6 36. Qh3 Rd8 37. Rf1 Qd6 38. Qf3 f5 39. Na5 Ne5 40. Nxe5 Qxe5
41. Rf2 Qe1+ 42. Kc2 Qxa5 0-1

[Event "Lichtenrader Herbst"]
[Site "Berlin"]
[Date "2010.10.20"]
[Round "5.3"]
[White "Meister, Jakob"]
[Black "Neelotpal, Das"]
[Result "0-1"]
[WhiteElo "2479"]
[BlackElo "2454"]
[PlyCount "102"]
[EventDate "2010.??.??"]
[WhiteTeam "SK Zehlendorf e.V."]

1. e4 c5 2. c3 b6 3. d4 Bb7 4. d5 Nf6 5. Bd3 c4 6. Bc2 e6 7. dxe6 dxe6 8. Qe2
Nbd7 9. Nf3 b5 10. O-O Nc5 11. e5 Nd5 12. a4 b4 13. Bg5 Be7 14. Bxe7 Qxe7 15.
Nbd2 bxc3 16. bxc3 O-O 17. Ne4 Nxe4 18. Qxe4 g6 19. Qd4 Rfd8 20. Be4 Nxc3 21.
Qxc3 Bxe4 22. Qxc4 Bd3 23. Qf4 Bxf1 24. Rxf1 Kg7 25. h4 h6 26. Re1 Rab8 27. Re4
a5 28. Nd4 Rb4 29. Kh2 Rd5 30. f3 g5 31. Qe3 Rdxd4 32. Rxd4 Qc5 33. Re4 Qxe3
34. Rxe3 Rxh4+ 35. Kg3 Rxa4 36. Rc3 Ra2 37. Rc5 Kg6 38. Kh3 h5 39. Rb5 a4 40.
Ra5 a3 41. Ra7 Ra1 42. Kh2 Kf5 43. Rxf7+ Kxe5 44. Rg7 Kf6 45. Ra7 Kf5 46. Ra5+
Kf4 47. Ra6 a2 48. Ra3 h4 49. Ra4+ Ke3 50. Ra5 Kf2 51. Rb5 Rh1+ 0-1

[Event "Lichtenrader Herbst"]
[Site "Berlin"]
[Date "2010.10.20"]
[Round "5.5"]
[White "Niehaus, Frank"]
[Black "Kachibadze, Georg"]
[Result "0-1"]
[WhiteElo "2232"]
[BlackElo "2272"]
[PlyCount "56"]
[EventDate "2010.??.??"]
[WhiteTeam "SK König Tegel 1949 e.V."]
[BlackTeam "SK König Tegel 1949 e.V."]

1. e4 c5 2. Nf3 d6 3. d4 cxd4 4. Nxd4 Nf6 5. Nc3 a6 6. Bg5 e6 7. f4 Qb6 8. Qd2
Nc6 9. Nb3 Ng4 10. f5 Be7 11. Bxe7 Nxe7 12. Bd3 Ne5 13. fxe6 Bxe6 14. O-O-O O-O
15. Be2 Rfd8 16. Qg5 f6 17. Qg3 Rac8 18. Kb1 d5 19. exd5 Nxd5 20. Ne4 Bf5 21.
Bd3 Nxd3 22. cxd3 Nb4 23. Rhe1 a5 24. Qf3 Nxa2 25. Qxf5 Qxb3 26. d4 Nb4 27. Nc5
Qa2+ 28. Kc1 b6 0-1

[Event "Lichtenrader Herbst"]
[Site "Berlin"]
[Date "2010.10.20"]
[Round "5.6"]
[White "Major, Vitalij"]
[Black "Reichenbach, Werner"]
[Result "0-1"]
[WhiteElo "2157"]
[BlackElo "2261"]
[PlyCount "70"]
[EventDate "2010.??.??"]
[WhiteTeam "SC Zitadelle Spandau 1977 e.V."]
[BlackTeam "SK Zehlendorf e.V."]

1. d4 d5 2. Nf3 Nf6 3. c4 c6 4. Nc3 g6 5. Bg5 Bg7 6. e3 O-O 7. Bd3 Nbd7 8. O-O
a6 9. a4 dxc4 10. Bxc4 Nb6 11. Bb3 Nbd5 12. a5 Nxc3 13. bxc3 Ne4 14. Qc2 Bf5
15. Qb2 Nxg5 16. Nxg5 e6 17. Nf3 Qc7 18. h3 c5 19. Qe2 Be4 20. Nd2 Bc6 21. Rfc1
Qe7 22. Qg4 Rad8 23. Nc4 e5 24. Rd1 h5 25. Qg3 exd4 26. cxd4 cxd4 27. exd4 Rxd4
28. Rxd4 Bxd4 29. Rd1 Bg7 30. Nd6 Kh7 31. Nc4 Qf6 32. Re1 Qc3 33. Re3 Qa1+ 34.
Kh2 Qd4 35. Nd6 h4 0-1

[Event "Lichtenrader Herbst"]
[Site "Berlin"]
[Date "2010.10.20"]
[Round "5.7"]
[White "Dauth, Benjamin"]
[Black "Dimitrijeski, Kristian"]
[Result "1-0"]
[WhiteElo "2322"]
[BlackElo "2192"]
[PlyCount "117"]
[EventDate "2010.??.??"]
[WhiteTeam "SC Rotation Pankow e.V."]
[BlackTeam "SK König Tegel 1949 e.V."]

1. e4 c6 2. d4 d5 3. exd5 cxd5 4. Bd3 Nc6 5. c3 Nf6 6. Ne2 Bg4 7. Qb3 Bxe2 8.
Bxe2 Qd7 9. O-O e6 10. Nd2 Bd6 11. Re1 O-O 12. Nf1 h6 13. Bd3 Qc7 14. Qd1 Bf4
15. Ng3 Bxc1 16. Rxc1 Rac8 17. Bb1 Qf4 18. Qd3 Nb4 19. Qb5 Nc6 20. Ne2 Qh4 21.
g3 Qg4 22. Nf4 Rfe8 23. h3 Qg5 24. Kg2 e5 25. dxe5 Nxe5 26. Nxd5 Nxd5 27. Qxd5
Qf6 28. Rcd1 Nc6 29. Qd7 Ne5 30. Qf5 Qxf5 31. Bxf5 Rb8 32. Rd4 g6 33. Rde4 gxf5
34. Rxe5 Rxe5 35. Rxe5 Kf8 36. Kf3 Rd8 37. Ke2 f4 38. g4 f3+ 39. Kxf3 Rd3+ 40.
Ke2 Rxh3 41. Rh5 Rxh5 42. gxh5 Ke7 43. Ke3 Ke6 44. Ke4 Kf6 45. c4 a5 46. b3 Kg5
47. a3 Kxh5 48. Kf5 Kh4 49. b4 axb4 50. axb4 Kh3 51. c5 h5 52. b5 h4 53. c6
bxc6 54. b6 Kg2 55. b7 h3 56. b8=Q h2 57. Qg3+ Kh1 58. f4 c5 59. Qf2 1-0

[Event "Lichtenrader Herbst"]
[Site "Berlin"]
[Date "2010.10.20"]
[Round "5.8"]
[White "Syre, Christian"]
[Black "Hahlbohm, Matthias"]
[Result "1/2-1/2"]
[WhiteElo "2264"]
[BlackElo "2095"]
[PlyCount "52"]
[EventDate "2010.??.??"]
[WhiteTeam "TSG Oberschöneweide e.V."]
[BlackTeam "TSG Oberschöneweide e.V."]

1. d4 d5 2. c4 c6 3. Nc3 Nf6 4. Nf3 g6 5. e3 Bg7 6. Be2 O-O 7. O-O Nbd7 8. b3
e6 9. Bb2 b6 10. Bd3 Bb7 11. Qe2 Re8 12. Rfd1 Qe7 13. cxd5 exd5 14. Ba6 Nb8 15.
Bxb7 Qxb7 16. Rac1 Nbd7 17. Rc2 Ne4 18. Rdc1 Nxc3 19. Bxc3 a5 20. Bb2 Rac8 21.
a4 f5 22. Qd3 Bf8 23. h4 Bd6 24. Ng5 Nf6 25. Nf3 Ng4 26. Rc3 Bb4 1/2-1/2

[Event "Lichtenrader Herbst"]
[Site "Berlin"]
[Date "2010.10.20"]
[Round "5.10"]
[White "Krefenstein, Sergej"]
[Black "Boettcher, Patrick"]
[Result "0-1"]
[WhiteElo "2009"]
[BlackElo "2177"]
[PlyCount "114"]
[EventDate "2010.??.??"]
[WhiteTeam "vereinslos"]
[BlackTeam "SC Zitadelle Spandau 1977 e.V."]

1. e4 c5 2. d3 Nc6 3. g3 g6 4. Bg2 Bg7 5. f4 d6 6. Nf3 e6 7. O-O Nge7 8. c3 O-O
9. Be3 Rb8 10. d4 cxd4 11. cxd4 d5 12. e5 b6 13. Qd3 a5 14. Rc1 Ra8 15. Na3 Ba6
16. Qb3 Qd7 17. Bf1 a4 18. Qd1 Bxf1 19. Qxf1 Na5 20. Bd2 Rfc8 21. Bb4 Bf8 22.
Ng5 h6 23. Nf3 Nf5 24. Bxf8 Kxf8 25. Qd3 Rc6 26. g4 Ne7 27. Nd2 Rac8 28. Rc2
Rxc2 29. Nxc2 Qc6 30. Ne3 Nc4 31. Nexc4 dxc4 32. Qh3 Kg7 33. Qh4 Qd7 34. Nf3 c3
35. bxc3 Rxc3 36. Rf1 Nd5 37. f5 exf5 38. g5 h5 39. Qf2 Qc6 40. Nh4 Ne3 41. Re1
Qe4 42. d5 Qg4+ 43. Kh1 Nxd5 44. e6 fxe6 45. Rxe6 Rc1+ 46. Re1 Qe4+ 47. Ng2
Rxe1+ 48. Qxe1 Qxe1+ 49. Nxe1 Nc3 50. a3 Nb1 51. Nc2 Kf7 52. Kg2 Ke6 53. Kf3
Ke5 54. h3 f4 55. h4 b5 56. Nb4 Nxa3 57. Nd3+ Kf5 0-1

[Event "Lichtenrader Herbst"]
[Site "Berlin"]
[Date "2010.10.20"]
[Round "5.11"]
[White "Schulz, Olaf"]
[Black "Cusnariov, Nicolai"]
[Result "1/2-1/2"]
[WhiteElo "1955"]
[BlackElo "2170"]
[PlyCount "116"]
[EventDate "2010.??.??"]
[WhiteTeam "SC Rotation Pankow e.V."]
[BlackTeam "USV Potsdam e.V., Abt. Schach"]

1. d4 f5 2. g3 Nf6 3. Bg2 g6 4. Nh3 Bg7 5. Nf4 O-O 6. Nd2 e6 7. Nd3 d6 8. O-O
Nbd7 9. c3 d5 10. Nf3 Ne4 11. Nfe5 Nxe5 12. Nxe5 Qe8 13. f3 Nd6 14. b3 Bd7 15.
Qd2 Bb5 16. a4 Ba6 17. Ba3 Qd8 18. Rfe1 Re8 19. Rad1 Nf7 20. Nxf7 Kxf7 21. e4
Qd7 22. Qc2 Kg8 23. Bb2 Rad8 24. c4 c6 25. Kh1 Qd6 26. Re3 dxc4 27. bxc4 Qb4
28. Bf1 Qa5 29. Bc3 Qc7 30. Rde1 Qf7 31. e5 f4 32. gxf4 Qxf4 33. Qg2 Rd7 34.
Re4 Qf5 35. Be2 b6 36. f4 Bb7 37. Bg4 Qf7 38. Qh3 Ba6 39. Qf1 c5 40. Rd1 cxd4
41. Rexd4 Rxd4 42. Bxd4 Qb7+ 43. Kg1 Qc6 44. Bf3 Qxc4 45. Qxc4 Bxc4 46. Rc1 Rc8
47. Bb7 Rb8 48. Bc6 Bb3 49. Rb1 Rc8 50. Bb7 Rc7 51. Rxb3 Rxb7 52. a5 b5 53. a6
Rd7 54. Be3 Rd1+ 55. Kf2 Ra1 56. Rxb5 Rxa6 57. Rb8+ Kf7 58. Rb7+ Kg8 1/2-1/2

[Event "Lichtenrader Herbst"]
[Site "Berlin"]
[Date "2010.10.20"]
[Round "5.13"]
[White "Koenig, Frank"]
[Black "Jaeschke, Jens-Uwe"]
[Result "0-1"]
[WhiteElo "1972"]
[BlackElo "2158"]
[PlyCount "82"]
[EventDate "2010.??.??"]
[WhiteTeam "BSG 1827 Eckbauer e.V."]
[BlackTeam "Sfr.Nord-Ost Berlin"]

1. Nf3 d5 2. g3 Bg4 3. Bg2 Nd7 4. c4 e6 5. cxd5 exd5 6. Qa4 Ngf6 7. Ne5 Be6 8.
d4 c6 9. O-O Nxe5 10. dxe5 Nd7 11. Nc3 Be7 12. f4 g6 13. Kh1 Nb6 14. Qc2 Qd7
15. e4 d4 16. f5 dxc3 17. fxe6 Qxe6 18. Qxc3 Nd7 19. Bh6 g5 20. Bg7 Rg8 21. Bf6
Bxf6 22. exf6 O-O-O 23. b4 h5 24. b5 c5 25. e5 Qxe5 26. Qf3 Qc7 27. a4 h4 28.
g4 h3 29. Bxh3 Rh8 30. Ra3 Ne5 31. Qg3 Ng6 32. Qxc7+ Kxc7 33. Bg2 Nf4 34. Rf2
Rd6 35. Re3 Rxf6 36. Re7+ Kc8 37. Bxb7+ Kb8 38. Bc6 Rd8 39. h3 Rh6 40. Rb7+ Kc8
41. Rxa7 Rd1+ 0-1

[Event "Lichtenrader Herbst"]
[Site "Berlin"]
[Date "2010.10.20"]
[Round "5.15"]
[White "Witt, Ronald"]
[Black "Lerch, Philipp"]
[Result "0-1"]
[WhiteElo "2104"]
[BlackElo "1965"]
[PlyCount "108"]
[EventDate "2010.??.??"]
[WhiteTeam "Schachfreunde Zehdenick 76 e.V."]
[BlackTeam "SK König Tegel 1949 e.V."]

1. e4 c6 2. d4 d5 3. exd5 cxd5 4. Bd3 Nc6 5. c3 Nf6 6. Bf4 g6 7. h3 Bg7 8. Nf3
O-O 9. O-O Bf5 10. Qc2 e6 11. Nbd2 b5 12. g4 Bxd3 13. Qxd3 a6 14. Ne5 Nxe5 15.
Bxe5 h5 16. Qf3 hxg4 17. hxg4 Nd7 18. Bxg7 Kxg7 19. Qg3 Rh8 20. Kg2 Qf6 21. Nf3
Qe7 22. a3 Nb6 23. Ne5 Nc4 24. Nxc4 bxc4 25. Rh1 Qg5 26. f4 Qf6 27. Rxh8 Rxh8
28. Rh1 Rb8 29. Rb1 Rb3 30. Qe3 g5 31. fxg5 Qg6 32. Rf1 Rxb2+ 33. Rf2 Rxf2+ 34.
Kxf2 Qc2+ 35. Kg1 Qd1+ 36. Kf2 Qxg4 37. Qe5+ Kh7 38. Qh2+ Kg6 39. Qh6+ Kf5 40.
Qh7+ Kxg5 41. Qg7+ Kf5 42. Qxf7+ Ke4 43. Qe7 Kd3 44. Qb4 Qf4+ 45. Kg2 Qd2+ 46.
Kh1 Qxc3 47. Qb1+ Qc2 48. Qb6 Qd1+ 49. Kg2 Qg4+ 50. Kh1 Qxd4 51. Qxa6 Ke2 52.
Qb7 c3 53. Qc7 Kf1 54. Qf7+ Qf2 0-1

[Event "Lichtenrader Herbst"]
[Site "Berlin"]
[Date "2010.10.20"]
[Round "5.19"]
[White "Zschaebitz, Klaus"]
[Black "Rudolph, Stephanie"]
[Result "0-1"]
[WhiteElo "2053"]
[BlackElo "1902"]
[PlyCount "83"]
[EventDate "2010.??.??"]
[WhiteTeam "BSG 1827 Eckbauer e.V."]
[BlackTeam "SC Friesen Lichtenberg e.V."]

1. d4 Nf6 2. c4 c5 3. d5 b5 4. cxb5 a6 5. bxa6 Bxa6 6. Nc3 d6 7. g3 g6 8. Bg2
Bg7 9. Nf3 O-O 10. O-O Nbd7 11. Qc2 Ng4 12. Rd1 Nge5 13. Nxe5 Nxe5 14. b3 Qb6
15. e3 Rfb8 16. Rb1 Ra7 17. h3 Qa5 18. Bd2 Bd3 19. Qc1 Bxb1 20. Qxb1 Nc4 21.
Ne4 Nxd2 22. Rxd2 f5 23. Re2 fxe4 24. Qxe4 Qc3 25. h4 Qe5 26. Qc2 Rba8 27. a4
Rb8 28. Be4 Qc3 29. Qxc3 Bxc3 30. Bc2 Rc7 31. f4 c4 32. bxc4 Rxc4 33. h5 Rb2
34. hxg6 hxg6 35. Kf1 Kg7 36. Bd3 Rxa4 37. Rxb2 Bxb2 38. g4 Bc1 39. Ke2 Ra2+
40. Kf3 Rd2 41. Bc4 Rc2 42. Bb5 0-1